00693nam a22002535i 450000100090000000300050000900500170001400800410003101000170007202000180008903800100010704000230011704200080014008200160014810000240016424500980018825000160028626300090030226400340031130000130034533600260035833700280038433800270041220043030NUST20190610125938.0170929s2017 mau 000 0 eng  a 2017956524 a9781337629157 aazhar aDLCbengerdacDLC apcc a620.11bASK1 aAskeland, Donald R.10aEssentials of materials science and engineering 4e /cDonald R. Askeland, Wendelin J. Wright. aSi edition. a1712 1aBoston, MA :bCengage,c2017. apages cm atextbtxt2rdacontent aunmediatedbn2rdamedia avolumebnc2rdacarrier